[Event "European Online Club-ch-A 2021"]
[Site "Online"]
[Date "2021.03.27"]
[Round "2.11"]
[White "Gurel, Ediz"]
[Black "Kovacs, Gabor"]
[Result "0-1"]
[WhiteElo "2168"]
[BlackElo "2455"]
[Annotator "ChessBase"]
[PlyCount "98"]
[EventDate "2021.03.27"]
[EventType "team-tourn"]
[EventCountry "NET"]
[SourceTitle "playchess.com"]
[Source "ChessBase"]
[SourceQuality "1"]
[TimeControl "900+5"]

1. e4 {[%emt 0:13:34]} e5 {[%emt 0:00:09]} 2. Nf3 {[%emt 0:00:02]} Nc6 {[%emt 0:00:02]} 3. Bb5 {[%emt 0:00:02]} a6 {[%emt 0:00:03]} 4. Ba4 {[%emt 0:00:01]} d6 {[%emt 0:00:02]} 5. c3 {[%emt 0:00:04]} Bd7 {[%emt 0:00:06]} 6. O-O {[%emt 0:00:02]} Nf6 {[%emt 0:00:02]} 7. Re1 {[%emt 0:00:02]} Be7 {[%emt 0:00:02]} 8. d4 {[%emt 0:00:02]} O-O {[%emt 0:00:02]} 9. Nbd2 {[%emt 0:00:02]} exd4 {[%emt 0:00:16]} 10. cxd4 {[%emt 0:00:02]} Nb4 {[%emt 0:00:03]} 11. Bxd7 {[%emt 0:00:07]} Qxd7 {[%emt 0:00:03]} 12. Qb3 {[%emt 0:00:16]} d5 {[%emt 0:00:20]} 13. e5 {[%emt 0:00:09]} Nh5 {[%emt 0:00:19]} 14. a3 {[%emt 0:00:08]} Nc6 {[%emt 0:00:02]} 15. Nf1 {[%emt 0:00:08]} Nd8 {[%emt 0:00:18]} 16. Qc2 {[%emt 0:00:20]} Ne6 {[%emt 0:00:16]} 17. Ne3 {[%emt 0:00:04]} Rfd8 {[%emt 0:00:35]} 18. Nf5 {[%emt 0:00:22]} Rac8 {[%emt 0:00:34]} 19. Nxe7+ {[%emt 0:00:13]} Qxe7 {[%emt 0:00:04]} 20. Qf5 {[%emt 0:00:02]} g6 {[%emt 0:00:03]} 21. Qg4 {[%emt 0:00:02]} c5 {[%emt 0:00:20]} 22. Be3 {[%emt 0:00:16]} cxd4 {[%emt 0:00:39]} 23. Nxd4 {[%emt 0:00:02]} Nxd4 {[%emt 0:00:02]} 24. Bxd4 {[%emt 0:00:05]} Qe6 {[%emt 0:00:03]} 25. Qf3 {[%emt 0:00:14]} Ng7 {[%emt 0:00:27]} 26. Be3 {[%emt 0:00:12]} Qf5 {[%emt 0:00:33]} 27. Qg3 {[%emt 0:00:12]} Ne6 {[%emt 0:00:04]} 28. Rad1 {[%emt 0:00:16]} d4 {[%emt 0:00:12]} 29. Bh6 {[%emt 0:00:02]} Rc2 {[%emt 0:00:09]} 30. Rd2 {[%emt 0:00:09]} Rdc8 {[%emt 0:00:14]} 31. h4 {[%emt 0:00:14]} Rxd2 {[%emt 0:00:42]} 32. Bxd2 {[%emt 0:00:02]} Rc2 {[%emt 0:00:02]} 33. Bg5 {[%emt 0:00:01]} Rxb2 {[%emt 0:00:19]} 34. Bf6 {[%emt 0:00:07]} Rb1 {[%emt 0:00:35]} 35. Rxb1 {[%emt 0:00:06]} Qxb1+ {[%emt 0:00:03]} 36. Kh2 {[%emt 0:00:01]} Qe4 {[%emt 0:00:19]} 37. Qb3 {[%emt 0:00:13]} h6 {[%emt 0:00:42]} 38. Qc4 {[%emt 0:00:05]} Qc6 {[%emt 0:00:09]} 39. Qb4 {[%emt 0:00:05]} Qd7 {[%emt 0:00:09]} 40. Qd2 {[%emt 0:00:04]} Kh7 {[%emt 0:00:05]} 41. h5 {[%emt 0:00:01]} d3 {[%emt 0:00:11]} 42. hxg6+ {[%emt 0:00:01]} fxg6 {[%emt 0:00:04]} 43. g3 {[%emt 0:00:09]} Qd4 {[%emt 0:00:11]} 44. Kg2 {[%emt 0:00:04]} g5 {[%emt 0:00:18]} 45. f3 {[%emt 0:00:06]} Kg6 {[%emt 0:00:05]} 46. Kh2 {[%emt 0:00:08]} Qc4 {[%emt 0:00:24]} 47. Qa5 {[%emt 0:00:10]} Qc2+ {[%emt 0:00:09]} 48. Kh3 {[%emt 0:00:01]} d2 {[%emt 0:00:07]} 49. Qb6 {[%emt 0:00:03]} Qf5+ {[%emt 0:00:18]} 0-1

[Event "European Online Club-ch-A 2021"]
[Site "Online"]
[Date "2021.03.27"]
[Round "2.12"]
[White "Csonka, Attila Istvan"]
[Black "Tinmaz, Kerem"]
[Result "1/2-1/2"]
[WhiteElo "2362"]
[BlackElo "1614"]
[Annotator "NA"]
[PlyCount "155"]
[EventDate "2021.03.27"]
[EventType "team-tourn"]
[EventCountry "NET"]
[SourceTitle "playchess.com"]
[Source "ChessBase"]
[SourceQuality "1"]
[TimeControl "900+5"]

1. e4 {[%emt 0:00:00]} c5 {[%emt 0:00:03]} 2. Nf3 {[%emt 0:00:04]} e6 {[%emt 0:00:02]} 3. b3 {[%emt 0:00:03]} Nf6 {[%emt 0:00:14]} 4. Qe2 {[%emt 0:00:03]} Nc6 {[%emt 0:00:07]} 5. Bb2 {[%emt 0:00:03]} Be7 {[%emt 0:00:05]} 6. g3 {[%emt 0:00:06]} O-O {[%emt 0:00:06]} 7. Bg2 {[%emt 0:00:02]} d6 {[%emt 0:00:09]} 8. O-O {[%emt 0:00:03]} Bd7 {[%emt 0:00:02]} 9. d4 {[%emt 0:00:03]} cxd4 {[%emt 0:00:06]} 10. Nxd4 {[%emt 0:00:02]} Nxd4 {[%emt 0:00:09]} 11. Bxd4 {[%emt 0:00:02]} Bc6 {[%emt 0:00:10]} 12. c4 {[%emt 0:00:10]} Re8 {[%emt 0:00:32]} 13. Bb2 {[%emt 0:02:08]} Qb6 {[%emt 0:01:08]} 14. Nc3 {[%emt 0:00:13]} Rad8 {[%emt 0:00:14]} 15. Rad1 {[%emt 0:00:21]} h6 {[%emt 0:00:46]} 16. Kh1 {[%emt 0:00:32]} a6 {[%emt 0:01:17]} 17. Rd2 {[%emt 0:00:25]} Qc7 {[%emt 0:00:32]} 18. Rfd1 {[%emt 0:00:16]} Bf8 {[%emt 0:01:18]} 19. h3 {[%emt 0:00:44]} g6 {[%emt 0:00:52]} 20. Nb5 {[%emt 0:00:37]} axb5 {[%emt 0:00:26]} 21. Bxf6 {[%emt 0:00:04]} Rc8 {[%emt 0:01:21]} 22. cxb5 {[%emt 0:00:13]} Bd7 {[%emt 0:00:07]} 23. a4 {[%emt 0:00:15]} e5 {[%emt 0:01:07]} 24. g4 {[%emt 0:01:36]} Qc3 {[%emt 0:00:57]} 25. Rd3 {[%emt 0:00:34]} Qb4 {[%emt 0:00:36]} 26. Qe3 {[%emt 0:00:25]} Kh7 {[%emt 0:00:37]} 27. Bf3 {[%emt 0:00:32]} Rc2 {[%emt 0:00:26]} 28. Kg2 {[%emt 0:00:45]} Be6 {[%emt 0:00:13]} 29. Qb6 {[%emt 0:01:53]} Qc5 {[%emt 0:01:23]} 30. Qxc5 {[%emt 0:00:12]} Rxc5 {[%emt 0:00:01]} 31. g5 {[%emt 0:00:51]} h5 {[%emt 0:00:19]} 32. R1d2 {[%emt 0:00:10]} Rec8 {[%emt 0:00:03]} 33. Bd1 {[%emt 0:00:05]} Rc3 {[%emt 0:00:07]} 34. h4 {[%emt 0:00:06]} Kg8 {[%emt 0:00:34]} 35. Rxd6 {[%emt 0:00:56]} Bxd6 {[%emt 0:00:07]} 36. Rxd6 {[%emt 0:00:05]} Bxb3 {[%emt 0:00:22]} 37. Bxe5 {[%emt 0:00:14]} Bxd1 {[%emt 0:00:38]} 38. Bxc3 {[%emt 0:00:05]} Rxc3 {[%emt 0:00:10]} 39. Rxd1 {[%emt 0:00:04]} Rc4 {[%emt 0:00:05]} 40. Kf3 {[%emt 0:00:03]} Rxa4 {[%emt 0:00:05]} 41. Rd8+ {[%emt 0:00:07]} Kg7 {[%emt 0:00:02]} 42. Rb8 {[%emt 0:00:06]} Ra3+ {[%emt 0:00:18]} 43. Kg2 {[%emt 0:00:05]} Ra4 {[%emt 0:00:12]} 44. f3 {[%emt 0:00:02]} Ra2+ {[%emt 0:00:05]} 45. Kg3 {[%emt 0:00:02]} Ra1 {[%emt 0:00:12]} 46. Rxb7 {[%emt 0:00:05]} Rg1+ {[%emt 0:00:02]} 47. Kh2 {[%emt 0:00:03]} Rf1 {[%emt 0:00:07]} 48. Kg2 {[%emt 0:00:01]} Rb1 {[%emt 0:00:03]} 49. b6 {[%emt 0:00:02]} Rb2+ {[%emt 0:00:02]} 50. Kg3 {[%emt 0:00:02]} Rb1 {[%emt 0:00:08]} 51. Rb8 {[%emt 0:00:04]} Rb2 {[%emt 0:00:08]} 52. b7 {[%emt 0:00:04]} Rb1 {[%emt 0:00:13]} 53. Kf4 {[%emt 0:00:03]} Rb3 {[%emt 0:00:04]} 54. Ke5 {[%emt 0:00:02]} Rb1 {[%emt 0:00:05]} 55. f4 {[%emt 0:00:06]} Rb5+ {[%emt 0:00:06]} 56. Kd6 {[%emt 0:00:04]} Rb1 {[%emt 0:00:03]} 57. f5 {[%emt 0:00:02]} Rd1+ {[%emt 0:00:05]} 58. Ke5 {[%emt 0:00:18]} Rb1 {[%emt 0:00:03]} 59. fxg6 {[%emt 0:00:12]} fxg6 {[%emt 0:00:05]} 60. Kd5 {[%emt 0:00:07]} Rd1+ {[%emt 0:00:07]} 61. Ke6 {[%emt 0:00:01]} Rb1 {[%emt 0:00:02]} 62. e5 {[%emt 0:00:02]} Rb6+ {[%emt 0:00:04]} 63. Kd5 {[%emt 0:00:10]} Rb1 {[%emt 0:00:02]} 64. e6 {[%emt 0:00:01]} Rd1+ {[%emt 0:00:12]} 65. Kc4 {[%emt 0:00:02]} Rc1+ {[%emt 0:00:02]} 66. Kd3 {[%emt 0:00:01]} Rb1 {[%emt 0:00:06]} 67. Rd8 {[%emt 0:00:03]} Rd1+ {[%emt 0:00:05]} 68. Kc4 {[%emt 0:00:08]} Rxd8 {[%emt 0:00:02]} 69. Kc5 {[%emt 0:00:07]} Kf8 {[%emt 0:00:05]} 70. Kc6 {[%emt 0:00:07]} Ke7 {[%emt 0:00:14]} 71. Kc7 {[%emt 0:00:12]} Rh8 {[%emt 0:00:07]} 72. b8=Q {[%emt 0:00:03]} Rxb8 {[%emt 0:00:02]} 73. Kxb8 {[%emt 0:00:02]} Kxe6 {[%emt 0:00:03]} 74. Kc7 {[%emt 0:00:01]} Ke7 {[%emt 0:00:08]} 75. Kc6 {[%emt 0:00:05]} Ke6 {[%emt 0:00:01]} 76. Kc7 {[%emt 0:00:01]} Ke7 {[%emt 0:00:08]} 77. Kc6 {[%emt 0:00:02]} Ke6 {[%emt 0:00:01]} 78. Kc7 {[%emt 0:00:02]} 1/2-1/2

[Event "European Online Club-ch-A 2021"]
[Site "Online"]
[Date "2021.03.27"]
[Round "2.13"]
[White "Finek, Vaclav"]
[Black "Deac, Bogdan-Daniel"]
[Result "0-1"]
[WhiteElo "2361"]
[BlackElo "2625"]
[Annotator "ChessBase"]
[PlyCount "116"]
[EventDate "2021.03.27"]
[EventType "team-tourn"]
[EventCountry "NET"]
[SourceTitle "playchess.com"]
[Source "ChessBase"]
[SourceQuality "1"]
[TimeControl "900+5"]

1. d4 {[%emt 0:00:00]} Nf6 {[%emt 0:00:34]} 2. Nf3 {[%emt 0:00:08]} d5 {[%emt 0:00:15]} 3. c4 {[%emt 0:00:05]} e6 {[%emt 0:00:02]} 4. Nc3 {[%emt 0:00:11]} dxc4 {[%emt 0:00:02]} 5. e3 {[%emt 0:00:09]} a6 {[%emt 0:00:02]} 6. Bxc4 {[%emt 0:00:10]} b5 {[%emt 0:00:03]} 7. Bb3 {[%emt 0:00:02]} Bb7 {[%emt 0:00:02]} 8. O-O {[%emt 0:00:29]} Nbd7 {[%emt 0:00:08]} 9. a4 {[%emt 0:00:22]} b4 {[%emt 0:00:36]} 10. Nb1 {[%emt 0:00:11]} c5 {[%emt 0:02:01]} 11. Qe2 {[%emt 0:03:35]} Be7 {[%emt 0:03:19]} 12. Rd1 {[%emt 0:01:59]} O-O {[%emt 0:00:07]} 13. Nbd2 {[%emt 0:00:36]} Qc7 {[%emt 0:02:48]} 14. Nc4 {[%emt 0:02:56]} a5 {[%emt 0:00:56]} 15. Bd2 {[%emt 0:00:55]} Ba6 {[%emt 0:00:10]} 16. Rac1 {[%emt 0:00:03]} Nb6 {[%emt 0:00:39]} 17. Qe1 {[%emt 0:00:58]} Bxc4 {[%emt 0:00:39]} 18. Bxc4 {[%emt 0:00:03]} Nxa4 {[%emt 0:00:01]} 19. Rc2 {[%emt 0:00:28]} cxd4 {[%emt 0:00:29]} 20. Bb3 {[%emt 0:00:13]} Qd7 {[%emt 0:00:02]} 21. Ne5 {[%emt 0:00:09]} Qe8 {[%emt 0:00:23]} 22. exd4 {[%emt 0:00:08]} Nb6 {[%emt 0:00:05]} 23. Nxf7 {[%emt 0:00:17]} Rxf7 {[%emt 0:00:08]} 24. Qxe6 {[%emt 0:00:04]} a4 {[%emt 0:00:04]} 25. Qxf7+ {[%emt 0:00:41]} Qxf7 {[%emt 0:00:03]} 26. Bxf7+ {[%emt 0:00:02]} Kxf7 {[%emt 0:00:01]} 27. Rcc1 {[%emt 0:00:11]} Nfd5 {[%emt 0:00:24]} 28. g3 {[%emt 0:00:20]} b3 {[%emt 0:02:38]} 29. Kg2 {[%emt 0:00:07]} a3 {[%emt 0:00:06]} 30. bxa3 {[%emt 0:00:02]} Rxa3 {[%emt 0:00:34]} 31. Rb1 {[%emt 0:00:10]} Nc4 {[%emt 0:00:06]} 32. Bc1 {[%emt 0:00:12]} Nc3 {[%emt 0:00:05]} 33. Bxa3 {[%emt 0:00:02]} Nxa3 {[%emt 0:00:02]} 34. Rxb3 {[%emt 0:00:14]} Nxd1 {[%emt 0:00:01]} 35. d5 {[%emt 0:00:48]} Nc4 {[%emt 0:00:02]} 36. h4 {[%emt 0:00:16]} Ndb2 {[%emt 0:00:06]} 37. Rf3+ {[%emt 0:00:20]} Ke8 {[%emt 0:00:03]} 38. h5 {[%emt 0:00:08]} Na4 {[%emt 0:00:05]} 39. Rf4 {[%emt 0:00:07]} Nab6 {[%emt 0:00:03]} 40. Rg4 {[%emt 0:00:02]} Bf6 {[%emt 0:00:06]} 41. h6 {[%emt 0:00:07]} g6 {[%emt 0:00:06]} 42. Re4+ {[%emt 0:00:06]} Kf7 {[%emt 0:00:07]} 43. g4 {[%emt 0:00:10]} Nd6 {[%emt 0:00:08]} 44. Re3 {[%emt 0:00:08]} Nxd5 {[%emt 0:00:05]} 45. Rf3 {[%emt 0:00:02]} g5 {[%emt 0:00:02]} 46. Kf1 {[%emt 0:00:03]} Nc4 {[%emt 0:00:09]} 47. Kg1 {[%emt 0:00:08]} Ne5 {[%emt 0:00:03]} 48. Rg3 {[%emt 0:00:03]} Nf4 {[%emt 0:00:02]} 49. Kf1 {[%emt 0:00:02]} Kg6 {[%emt 0:00:04]} 50. Ra3 {[%emt 0:00:03]} Nxg4 {[%emt 0:00:01]} 51. Ra6 {[%emt 0:00:03]} Nxh6 {[%emt 0:00:03]} 52. Rc6 {[%emt 0:00:03]} Nf5 {[%emt 0:00:01]} 53. Ra6 {[%emt 0:00:02]} g4 {[%emt 0:00:03]} 54. Ra4 {[%emt 0:00:02]} Kg5 {[%emt 0:00:02]} 55. Kg1 {[%emt 0:00:05]} h5 {[%emt 0:00:03]} 56. Rc4 {[%emt 0:00:09]} Bd4 {[%emt 0:00:04]} 57. Kf1 {[%emt 0:00:08]} Nh3 {[%emt 0:00:06]} 58. f3 {[%emt 0:00:14]} Ne3+ {[%emt 0:00:02]} 0-1

[Event "European Online Club-ch-A 2021"]
[Site "Online"]
[Date "2021.03.27"]
[Round "2.14"]
[White "Istratescu, Andrei"]
[Black "Hrbek, Stepan"]
[Result "1-0"]
[WhiteElo "2553"]
[BlackElo "2230"]
[Annotator "ChessBase"]
[PlyCount "103"]
[EventDate "2021.03.27"]
[EventType "team-tourn"]
[EventCountry "NET"]
[SourceTitle "playchess.com"]
[Source "ChessBase"]
[SourceQuality "1"]
[TimeControl "900+5"]

1. d4 {[%emt 0:00:00]} d5 {[%emt 0:00:05]} 2. c4 {[%emt 0:00:03]} e6 {[%emt 0:00:03]} 3. Nc3 {[%emt 0:00:02]} Nf6 {[%emt 0:00:01]} 4. cxd5 {[%emt 0:00:15]} exd5 {[%emt 0:00:02]} 5. Bg5 {[%emt 0:00:01]} Be7 {[%emt 0:00:02]} 6. e3 {[%emt 0:00:04]} c6 {[%emt 0:00:01]} 7. Bd3 {[%emt 0:00:02]} Nbd7 {[%emt 0:00:02]} 8. Qc2 {[%emt 0:00:06]} h6 {[%emt 0:00:01]} 9. Bh4 {[%emt 0:00:04]} Nh5 {[%emt 0:00:02]} 10. Bxe7 {[%emt 0:00:02]} Qxe7 {[%emt 0:00:01]} 11. Nge2 {[%emt 0:00:02]} Nb6 {[%emt 0:00:03]} 12. h3 {[%emt 0:00:19]} Bd7 {[%emt 0:00:10]} 13. O-O-O {[%emt 0:00:12]} O-O-O {[%emt 0:00:05]} 14. Kb1 {[%emt 0:00:02]} Kb8 {[%emt 0:00:07]} 15. Nc1 {[%emt 0:00:04]} g6 {[%emt 0:01:41]} 16. Nb3 {[%emt 0:00:06]} Ng7 {[%emt 0:01:19]} 17. Rhe1 {[%emt 0:00:13]} Bf5 {[%emt 0:00:16]} 18. f3 {[%emt 0:00:02]} Bxd3 {[%emt 0:00:21]} 19. Qxd3 {[%emt 0:00:03]} f5 {[%emt 0:00:33]} 20. e4 {[%emt 0:00:27]} dxe4 {[%emt 0:01:15]} 21. fxe4 {[%emt 0:00:03]} Qb4 {[%emt 0:01:42]} 22. exf5 {[%emt 0:00:36]} Nxf5 {[%emt 0:00:25]} 23. g4 {[%emt 0:00:03]} Ne7 {[%emt 0:00:05]} 24. Nc5 {[%emt 0:00:39]} Nc4 {[%emt 0:01:28]} 25. b3 {[%emt 0:00:09]} Na3+ {[%emt 0:01:10]} 26. Kb2 {[%emt 0:00:10]} Nc8 {[%emt 0:00:20]} 27. Qg3+ {[%emt 0:00:36]} Ka8 {[%emt 0:00:52]} 28. Ne6 {[%emt 0:00:06]} Rd6 {[%emt 0:01:09]} 29. Nc7+ {[%emt 0:00:10]} Kb8 {[%emt 0:00:02]} 30. Ne8 {[%emt 0:00:01]} Ka8 {[%emt 0:01:46]} 31. Nxd6 {[%emt 0:00:04]} Nxd6 {[%emt 0:00:01]} 32. Re2 {[%emt 0:00:03]} Rd8 {[%emt 0:00:48]} 33. Ka1 {[%emt 0:00:18]} Ndb5 {[%emt 0:00:08]} 34. Nxb5 {[%emt 0:00:02]} Nxb5 {[%emt 0:00:09]} 35. Qe1 {[%emt 0:00:15]} Qd6 {[%emt 0:00:57]} 36. Re8 {[%emt 0:00:08]} Nxd4 {[%emt 0:00:09]} 37. Rxd8+ {[%emt 0:00:16]} Qxd8 {[%emt 0:00:01]} 38. Qe5 {[%emt 0:00:10]} Nxb3+ {[%emt 0:00:21]} 39. Kb2 {[%emt 0:00:05]} Nd2 {[%emt 0:00:01]} 40. Kc2 {[%emt 0:00:07]} Qg8 {[%emt 0:00:22]} 41. Rxd2 {[%emt 0:00:07]} Qxa2+ {[%emt 0:00:06]} 42. Kd1 {[%emt 0:00:02]} Qb3+ {[%emt 0:00:05]} 43. Ke2 {[%emt 0:00:02]} Qc4+ {[%emt 0:00:01]} 44. Kf2 {[%emt 0:00:06]} a6 {[%emt 0:00:05]} 45. Qh8+ {[%emt 0:00:06]} Ka7 {[%emt 0:00:02]} 46. Qd4+ {[%emt 0:00:01]} Qxd4+ {[%emt 0:00:01]} 47. Rxd4 {[%emt 0:00:02]} a5 {[%emt 0:00:04]} 48. Ke3 {[%emt 0:00:02]} Kb6 {[%emt 0:00:04]} 49. Rd6 {[%emt 0:00:04]} Kc5 {[%emt 0:00:13]} 50. Rxg6 {[%emt 0:00:03]} Kb4 {[%emt 0:00:04]} 51. Kd3 {[%emt 0:00:03]} a4 {[%emt 0:00:08]} 52. Kc2 {[%emt 0:00:09]} 1-0

[Event "European Online Club-ch-A 2021"]
[Site "Online"]
[Date "2021.03.27"]
[Round "2.15"]
[White "Pribyl, Viktor"]
[Black "Marin, Mihail"]
[Result "0-1"]
[WhiteElo "2208"]
[BlackElo "2502"]
[Annotator "ChessBase"]
[PlyCount "96"]
[EventDate "2021.03.27"]
[EventType "team-tourn"]
[EventCountry "NET"]
[SourceTitle "playchess.com"]
[Source "ChessBase"]
[SourceQuality "1"]
[TimeControl "900+5"]

1. e4 {[%emt 0:00:00]} c5 {[%emt 0:00:17]} 2. Nf3 {[%emt 0:00:03]} d6 {[%emt 0:00:01]} 3. d4 {[%emt 0:00:02]} cxd4 {[%emt 0:00:03]} 4. Nxd4 {[%emt 0:00:02]} Nf6 {[%emt 0:00:02]} 5. Nc3 {[%emt 0:00:02]} g6 {[%emt 0:00:02]} 6. Be3 {[%emt 0:00:03]} Bg7 {[%emt 0:00:01]} 7. f3 {[%emt 0:00:03]} Nc6 {[%emt 0:00:02]} 8. Qd2 {[%emt 0:00:02]} O-O {[%emt 0:00:02]} 9. O-O-O {[%emt 0:00:01]} d5 {[%emt 0:00:04]} 10. Nxc6 {[%emt 0:00:22]} bxc6 {[%emt 0:00:03]} 11. exd5 {[%emt 0:00:01]} cxd5 {[%emt 0:00:30]} 12. Nxd5 {[%emt 0:00:01]} Nxd5 {[%emt 0:00:03]} 13. Qxd5 {[%emt 0:00:02]} Qc7 {[%emt 0:00:05]} 14. Qc5 {[%emt 0:00:52]} Qb7 {[%emt 0:00:06]} 15. b3 {[%emt 0:01:31]} Bf5 {[%emt 0:00:18]} 16. Bd3 {[%emt 0:02:10]} Rfc8 {[%emt 0:02:16]} 17. Qa5 {[%emt 0:01:04]} Bc3 {[%emt 0:00:48]} 18. Qa3 {[%emt 0:00:36]} a5 {[%emt 0:01:39]} 19. Bxf5 {[%emt 0:03:13]} gxf5 {[%emt 0:00:07]} 20. Qa4 {[%emt 0:00:44]} Qb4 {[%emt 0:02:12]} 21. Rd5 {[%emt 0:03:59]} e6 {[%emt 0:02:54]} 22. Rb5 {[%emt 0:00:10]} Qxa4 {[%emt 0:00:38]} 23. bxa4 {[%emt 0:00:03]} Rc4 {[%emt 0:00:45]} 24. Rb3 {[%emt 0:01:02]} Rac8 {[%emt 0:00:11]} 25. Rd1 {[%emt 0:00:29]} Bb4 {[%emt 0:00:10]} 26. Kb1 {[%emt 0:00:24]} Rxc2 {[%emt 0:00:09]} 27. a3 {[%emt 0:00:02]} Bf8 {[%emt 0:00:09]} 28. Bd4 {[%emt 0:00:03]} Rxg2 {[%emt 0:00:12]} 29. h4 {[%emt 0:00:08]} Rd8 {[%emt 0:00:08]} 30. f4 {[%emt 0:00:10]} Bg7 {[%emt 0:00:22]} 31. Rbd3 {[%emt 0:00:05]} Rb8+ {[%emt 0:00:18]} 32. Ka1 {[%emt 0:00:03]} Bxd4+ {[%emt 0:00:05]} 33. Rxd4 {[%emt 0:00:02]} Rbb2 {[%emt 0:00:04]} 34. h5 {[%emt 0:00:07]} Kg7 {[%emt 0:00:06]} 35. Rd8 {[%emt 0:00:07]} h6 {[%emt 0:00:07]} 36. Ra8 {[%emt 0:00:05]} Ra2+ {[%emt 0:00:06]} 37. Kb1 {[%emt 0:00:01]} Rgb2+ {[%emt 0:00:03]} 38. Kc1 {[%emt 0:00:02]} Rf2 {[%emt 0:00:06]} 39. Rg1+ {[%emt 0:00:05]} Kf6 {[%emt 0:00:05]} 40. Kb1 {[%emt 0:00:07]} Rxa3 {[%emt 0:00:10]} 41. Rh8 {[%emt 0:00:07]} Rxa4 {[%emt 0:00:26]} 42. Rxh6+ {[%emt 0:00:03]} Ke7 {[%emt 0:00:04]} 43. Rh8 {[%emt 0:00:03]} Raxf4 {[%emt 0:00:26]} 44. h6 {[%emt 0:00:10]} Rf1+ {[%emt 0:00:03]} 45. Rxf1 {[%emt 0:00:01]} Rxf1+ {[%emt 0:00:02]} 46. Kb2 {[%emt 0:00:01]} Rh1 {[%emt 0:00:02]} 47. Kb3 {[%emt 0:00:09]} Rh4 {[%emt 0:00:03]} 48. Kc3 {[%emt 0:00:08]} a4 {[%emt 0:00:06]} 0-1

[Event "European Online Club-ch-A 2021"]
[Site "Online"]
[Date "2021.03.27"]
[Round "2.16"]
[White "Arkell, Keith C"]
[Black "Brozka, Karel"]
[Result "1-0"]
[WhiteElo "2381"]
[BlackElo "2080"]
[Annotator "NA"]
[PlyCount "63"]
[EventDate "2021.03.27"]
[EventType "team-tourn"]
[EventCountry "NET"]
[SourceTitle "playchess.com"]
[Source "ChessBase"]
[SourceQuality "1"]
[TimeControl "900+5"]

1. d4 {[%emt 0:00:00]} Nf6 {[%emt 0:00:09]} 2. Nf3 {[%emt 0:00:05]} c5 {[%emt 0:00:10]} 3. d5 {[%emt 0:00:02]} d6 {[%emt 0:00:07]} 4. Nc3 {[%emt 0:00:03]} g6 {[%emt 0:00:05]} 5. e4 {[%emt 0:00:02]} Bg7 {[%emt 0:00:02]} 6. Bb5+ {[%emt 0:00:02]} Bd7 {[%emt 0:00:35]} 7. a4 {[%emt 0:00:03]} O-O {[%emt 0:00:10]} 8. h3 {[%emt 0:00:04]} b6 {[%emt 0:00:11]} 9. O-O {[%emt 0:00:03]} a6 {[%emt 0:00:03]} 10. Bc4 {[%emt 0:00:02]} Ne8 {[%emt 0:00:19]} 11. Re1 {[%emt 0:00:07]} Nc7 {[%emt 0:00:22]} 12. e5 {[%emt 0:00:14]} dxe5 {[%emt 0:00:45]} 13. Nxe5 {[%emt 0:00:02]} Bf5 {[%emt 0:00:21]} 14. Bf4 {[%emt 0:00:13]} Bxe5 {[%emt 0:00:22]} 15. Bxe5 {[%emt 0:00:07]} Re8 {[%emt 0:00:14]} 16. g4 {[%emt 0:01:08]} Bc8 {[%emt 0:00:14]} 17. d6 {[%emt 0:04:39]} exd6 {[%emt 0:00:27]} 18. Qxd6 {[%emt 0:00:08]} Qxd6 {[%emt 0:00:41]} 19. Bxd6 {[%emt 0:00:04]} Rxe1+ {[%emt 0:00:08]} 20. Rxe1 {[%emt 0:00:04]} Ne6 {[%emt 0:00:06]} 21. Bd5 {[%emt 0:00:05]} Ra7 {[%emt 0:00:19]} 22. Bxb8 {[%emt 0:00:04]} Rd7 {[%emt 0:00:20]} 23. Bxe6 {[%emt 0:00:07]} Re7 {[%emt 0:00:08]} 24. Nd5 {[%emt 0:00:08]} Rxe6 {[%emt 0:00:06]} 25. Rxe6 {[%emt 0:01:14]} Bxe6 {[%emt 0:00:06]} 26. Nxb6 {[%emt 0:00:05]} Kf8 {[%emt 0:00:02]} 27. Bd6+ {[%emt 0:00:04]} Ke8 {[%emt 0:00:01]} 28. Bxc5 {[%emt 0:00:01]} Kd8 {[%emt 0:00:02]} 29. c4 {[%emt 0:00:07]} Kc7 {[%emt 0:00:03]} 30. b4 {[%emt 0:00:10]} Kc6 {[%emt 0:00:08]} 31. Be3 {[%emt 0:00:11]} a5 {[%emt 0:00:11]} 32. b5+ {[%emt 0:00:05]} 1-0

[Event "European Online Club-ch-A 2021"]
[Site "Online"]
[Date "2021.03.27"]
[Round "2.17"]
[White "Rapport, Richard"]
[Black "Artemiev, Vladislav"]
[Result "1/2-1/2"]
[WhiteElo "2763"]
[BlackElo "2709"]
[Annotator "TA"]
[PlyCount "76"]
[EventDate "2021.03.27"]
[EventType "team-tourn"]
[EventCountry "NET"]
[SourceTitle "playchess.com"]
[Source "ChessBase"]
[SourceQuality "1"]

{[%evp 15,76,36,42,32,25,22,34,8,10,0,0,0,10,0,0,0,0,0,0,0,39,37,54,39,95,13,12,14,12,12,12,11,13,14,20,11,14,0,0,0,0,-33,-30,-20,-35,-41,-54,-36,-39,-47,-34,-26,-10,-12,-2,-4,-1,-1,-1,-1,-1,-1,-1]} 1. Nf3 d5 2. d4 Nf6 3. c4 dxc4 4. e3 c5 5. Bxc4 e6 6. O-O a6 7. dxc5 Bxc5 8. Qxd8+ Kxd8 9. Ne5 {D27: Queen's Gambit Accepted: Classical main line: 7 e4!? and 7 a4.} Ke7 10. Be2 Bd7 {[#]} 11. Nxd7 $146 {White is slightly better.} ({Predecessor:} 11. Bf3 Nc6 12. Nxc6+ Bxc6 13. Bxc6 bxc6 14. Nd2 a5 15. Nc4 Rhd8 16. Bd2 Bb4 17. Rad1 Bxd2 18. Rxd2 Rxd2 19. Nxd2 {½-½ (31) Andreikin,D (2726)-Artemiev,V (2708) Sochi 2020}) 11... Nbxd7 12. Rd1 Rhd8 13. Nc3 b5 14. Bd2 Nb6 15. Rac1 Rac8 16. Be1 Bd6 17. Bf3 Rc7 18. Ne2 Rxc1 19. Rxc1 e5 (19... Nfd5 $14) 20. Bb7 ({White should play} 20. g4 $16) 20... Rb8 $11 21. Bxa6 Na4 22. Nc3 Rb6 23. Nxa4 bxa4 24. Bd3 Rxb2 25. Rc2 Rb7 26. e4 Nd7 27. Kf1 Nc5 28. Ke2 Ne6 {aiming for ...Nd4+.} 29. Kf1 Nf4 30. Bc4 Rb1 31. g3 {[#]} Bb4 $1 {[%csl Gb4][%cal Rb1e1]} 32. gxf4 {Strongly threatening Re2.} Rxe1+ $15 {[%mdl 4096] Endgame KRB-KRB} 33. Kg2 Rxe4 34. fxe5 {The position is equal.} a3 35. Bb3 Rxe5 36. Rc7+ Kd6 37. Rxf7 Re7 38. Rxe7 Kxe7 {Weighted Error Value: White=0.09/Black=0.05} 1/2-1/2